[Event "Mondiale Semilampo FIDE 2024"]
[Site "New York"]
[Date "28.12.2024"]
[Round "11.79"]
[White "George, Kevin"]
[Black "Christiansen, Johan-Sebastian"]
[Result "0-1"]
[WhiteTitle "IM"]
[BlackTitle "GM"]
[WhiteElo "2270"]
[BlackElo "2661"]
[WhiteFideId "10669515"]
[BlackFideId "1512668"]
[EventDate "26.12.2024"]

1. e4 e5 2. Nf3 Nc6 3. Bc4 Nf6 4. Ng5 d5 5. exd5 Na5 6. Bb5+ c6 7. dxc6 bxc6 8.
Bd3 Ng4 9. Ne4 f5 10. Be2 h5 11. h3 fxe4 12. hxg4 Bc5 13. Nc3 Qd4 14. O-O hxg4
15. d3 g3 16. Nxe4 gxf2+ 17. Rxf2 Bb6 18. Bh5+ Kd8 19. c4 Nb7 20. Kf1 g6 21.
Bg5+ Kc7 22. Rf7+ Bd7 23. Qf3 gxh5 24. Nf6 Rad8 25. Re1 Rhf8 26. Nd5+ cxd5 27.
Rxf8 Rxf8 28. Qxf8 Qg1+ 29. Ke2 Qxg2+ 30. Kd1 Qxg5 31. cxd5 Qg2 32. Qb4 Ba5 33.
Qc4+ Kb8 34. b4 Ba4+ 35. Kc1 Bxb4 36. Kb1 Qc2+ 37. Qxc2 Bxc2+ 0-1

[Event "Mondiale Semilampo FIDE 2024"]
[Site "New York"]
[Date "28.12.2024"]
[Round "11.80"]
[White "Banh Gia Huy"]
[Black "Bologan, Victor"]
[Result "1-0"]
[WhiteTitle "IM"]
[BlackTitle "GM"]
[WhiteElo "2422"]
[BlackElo "2600"]
[WhiteFideId "12424714"]
[BlackFideId "13900048"]
[EventDate "26.12.2024"]

1. d4 d6 2. Nf3 Nf6 3. g3 g6 4. Bg2 Bg7 5. O-O O-O 6. c4 Nc6 7. Nc3 e5 8. dxe5
dxe5 9. Bg5 h6 10. Qxd8 Rxd8 11. Bxf6 Bxf6 12. Nd5 Kg7 13. Nxc7 Rb8 14. e4 Be7
15. Nd5 Bc5 16. Ne1 Bd4 17. Nd3 a5 18. Rad1 a4 19. Rd2 Na5 20. Rc2 Be6 21. Rfc1
f5 22. Nc7 Bf7 23. Nb5 Kf6 24. Nb4 Bc5 25. Nd5+ Kg7 26. h4 Nc6 27. Re2 Nd4 28.
Nxd4 Bxd4 29. Rcc2 h5 30. Kh2 b5 31. b3 bxc4 32. bxc4 fxe4 33. Bxe4 a3 34. Kg2
Rb2 35. Nc7 Rd7 36. Nd5 Rd8 37. Nc7 Rc8 38. Nb5 Bxc4 39. Nxa3 Bxe2 40. Rxc8 Bf3+
41. Bxf3 Rxf2+ 42. Kh3 Rxf3 43. Nb5 Be3 44. Rc3 e4 45. a4 Bb6 46. Rxf3 exf3 47.
Nd6 Kf6 48. Nc4 Ba7 49. Nd2 f2 50. Kg2 Kf5 51. a5 g5 52. hxg5 Kxg5 53. Ne4+ Kf5
54. Nxf2 h4 55. gxh4 Kf4 56. a6 Bb6 57. Kf1 Ba7 58. Ke2 Bb6 59. Nd3+ Kg4 60.
Ne5+ Kxh4 61. Nd7 Ba7 62. Kd3 Kg5 63. Kc4 Kf5 64. Kd5 Bf2 65. Nc5 1-0

[Event "Mondiale Semilampo FIDE 2024"]
[Site "New York"]
[Date "28.12.2024"]
[Round "11.82"]
[White "Degenbaev, Aziz"]
[Black "Wagner, Dennis"]
[Result "0-1"]
[WhiteTitle "FM"]
[BlackTitle "GM"]
[WhiteElo "2260"]
[BlackElo "2616"]
[WhiteFideId "13802640"]
[BlackFideId "24650684"]
[EventDate "26.12.2024"]

1. e4 e5 2. Nf3 Nc6 3. Bb5 a6 4. Ba4 Nf6 5. O-O Be7 6. d3 b5 7. Bb3 d6 8. a4 Bd7
9. c3 O-O 10. Re1 Na5 11. Bc2 c5 12. d4 Qc7 13. Nbd2 cxd4 14. cxd4 Rfc8 15. axb5
Qxc2 16. Rxa5 Bxb5 17. Ra1 Nd7 18. Nf1 Qxd1 19. Rxd1 Be2 20. Rd2 Bxf3 21. gxf3
Bg5 22. Rd1 Bxc1 23. Raxc1 Rxc1 24. Rxc1 exd4 25. Rc6 Ne5 26. Rxd6 Nxf3+ 27. Kg2
Ne1+ 28. Kg3 Nd3 29. b3 Nc5 30. Nd2 Rb8 31. Rxd4 Nxb3 32. Nxb3 Rxb3+ 33. f3 Rb8
34. Ra4 Ra8 35. Kf4 a5 36. e5 Kf8 37. Ke4 Ke7 38. f4 g6 39. f5 gxf5+ 40. Kxf5
Ra6 41. h4 h6 42. Kf4 Ke6 43. Ke4 Ra8 44. Kf4 Kd5 45. Kf5 Ra6 46. Ra1 a4 47.
Rd1+ Kc5 48. Rd7 a3 49. Rxf7 a2 50. Rc7+ Kb5 51. Rc1 a1=Q 52. Rxa1 Rxa1 53. Kg6
Ra6+ 54. Kf7 Kc6 55. e6 Kd6 56. h5 Ra7+ 57. Kg6 Kxe6 58. Kxh6 Kf7 59. Kh7 Ra6 0-1

[Event "Mondiale Semilampo FIDE 2024"]
[Site "New York"]
[Date "28.12.2024"]
[Round "11.84"]
[White "Pereira, Fabian"]
[Black "Horvath, Dominik"]
[Result "0-1"]
[WhiteTitle "CM"]
[BlackTitle "GM"]
[WhiteElo "2123"]
[BlackElo "2542"]
[WhiteFideId "3701263"]
[BlackFideId "1642561"]
[EventDate "26.12.2024"]

1. e4 c6 2. d4 d5 3. Nd2 dxe4 4. Nxe4 Bf5 5. Ng3 Bg6 6. h4 h6 7. Nf3 e6 8. Ne5
Bh7 9. c3 Nf6 10. Bd3 Bxd3 11. Qxd3 Nbd7 12. f4 Be7 13. Bd2 c5 14. O-O-O O-O 15.
Kb1 cxd4 16. cxd4 Qb6 17. Ne4 Rfd8 18. Nxf6+ Nxf6 19. Be3 Nd5 20. g4 Rac8 21.
Bd2 Bb4 22. Rc1 f6 23. Nf3 Bxd2 24. Qxd2 Qd6 25. f5 exf5 26. gxf5 Qd7 27. Qd3
Ne7 28. Qb3+ Kh7 29. Rcf1 Nxf5 30. Qd3 Kh8 31. Ng5 fxg5 32. hxg5 g6 0-1

[Event "Mondiale Semilampo FIDE 2024"]
[Site "New York"]
[Date "28.12.2024"]
[Round "11.85"]
[White "Papasimakopoulos, Alexandros"]
[Black "Makoto, Rodwell"]
[Result "1/2-1/2"]
[WhiteTitle "FM"]
[BlackTitle "IM"]
[WhiteElo "2379"]
[BlackElo "2334"]
[WhiteFideId "4244125"]
[BlackFideId "11000120"]
[EventDate "26.12.2024"]

1. d4 Nf6 2. c4 g6 3. Nc3 Bg7 4. e4 d6 5. f3 O-O 6. Nge2 c5 7. Be3 Qa5 8. Qd2
Nc6 9. Rd1 a6 10. dxc5 dxc5 11. Nd5 Nxd5 12. cxd5 Nb4 13. Nc3 Rd8 14. Be2 Nc6
15. a3 Nd4 16. O-O e6 17. Bc4 b5 18. Ba2 exd5 19. Nxd5 Qxd2 20. Rxd2 Be6 21. Rc1
Bxd5 22. Bxd5 Rxd5 23. exd5 Nb3 24. Rcd1 Nxd2 25. Rxd2 c4 26. d6 f5 27. d7 Bf6
28. Rd6 Kf7 29. Kf1 Be7 30. Rc6 Rd8 31. Rxa6 Rxd7 32. a4 Rd3 33. Bf4 Rd1+ 34.
Ke2 Rg1 35. Kf2 Rb1 36. Be5 bxa4 37. Rxa4 Ke6 38. Bc3 Kd5 39. Ra5+ Bc5+ 40. Kg3
Kc6 41. Be5 Re1 42. Bc3 Re2 43. Ra4 Kd5 44. Kh3 g5 45. Ra5 Kc6 46. Ra6+ Kd5 47.
Rh6 g4+ 48. fxg4 fxg4+ 49. Kxg4 Rxg2+ 50. Kf3 Rf2+ 51. Kg3 Rf7 52. Rh5+ Kc6 53.
h3 Bf8 54. Kg4 Bd6 55. Rh6 Kd5 56. h4 Rf4+ 57. Kh3 Rf3+ 58. Kg2 Rf7 59. Rh5+ Ke4
60. Rh6 Bf4 61. Rc6 Kd3 62. Rc5 Bc1 63. h5 Rb7 64. Rd5+ Kc2 65. Rc5 Bxb2 66.
Bxb2 Rxb2 67. Rc7 c3 68. Rxh7 Rb5 69. Kg3 Rc5 70. Kg4 Kc1 71. Rf7 c2 72. h6 Kd2
73. Rf2+ Ke3 74. Rxc2 Rxc2 75. Kg5 Rh2 76. Kg6 Kf4 77. h7 Ke5 78. Kg7 Rg2+ 79.
Kf7 Rh2 80. Kg7 Ke6 81. h8=Q Rxh8 82. Kxh8 Ke5 1/2-1/2

[Event "Mondiale Semilampo FIDE 2024"]
[Site "New York"]
[Date "28.12.2024"]
[Round "11.86"]
[White "Grahn, Vidar"]
[Black "Rosen, Eric"]
[Result "0-1"]
[WhiteTitle "FM"]
[BlackTitle "IM"]
[WhiteElo "2263"]
[BlackElo "2377"]
[WhiteFideId "1744780"]
[BlackFideId "2032562"]
[EventDate "26.12.2024"]

1. d4 d5 2. c4 e6 3. Nf3 Nf6 4. Nc3 Nbd7 5. cxd5 exd5 6. Bf4 Bb4 7. e3 Ne4 8.
Qc2 g5 9. Be5 Nxe5 10. Nxe5 c6 11. Bd3 f6 12. Bxe4 fxe5 13. Bf5 e4 14. Bxc8 Qxc8
15. O-O-O Qe6 16. Ne2 O-O-O 17. Qa4 a5 18. a3 b5 19. Qc2 Be7 20. Kb1 Kb7 21. Rc1
Rhf8 22. Ng3 a4 23. Qe2 Rf6 24. Nh5 Rh6 25. g4 Bd6 26. Ng7 Qd7 27. Nf5 Rh3 28.
Qf1 Rf3 29. h4 Rxf5 30. gxf5 g4 31. h5 Qxf5 32. Qe2 Rg8 33. Rcg1 Be7 34. Rg2 Qf3
35. Qxf3 exf3 36. Rgg1 Kc7 37. Kc2 Kd7 38. Kd3 Ke6 39. e4 c5 40. Re1 c4+ 41. Kc3
Bd6 42. h6 dxe4 43. Rxe4+ Kd5 44. Ree1 Rg5 45. Re8 g3 46. fxg3 f2 47. Re3 Rxg3
48. Rh5+ Kc6 49. Rxg3 f1=Q 50. d5+ Kc5 51. b4+ axb3 0-1

[Event "Mondiale Semilampo FIDE 2024"]
[Site "New York"]
[Date "28.12.2024"]
[Round "11.87"]
[White "Larrea, Manuel"]
[Black "Meylan, Andre"]
[Result "1-0"]
[WhiteTitle "FM"]
[BlackTitle "CM"]
[WhiteElo "2259"]
[BlackElo "2138"]
[WhiteFideId "3000508"]
[BlackFideId "1301225"]
[EventDate "26.12.2024"]

1. e4 e6 2. d4 d5 3. Nc3 Nf6 4. e5 Nfd7 5. f4 c5 6. Nf3 Nc6 7. Be3 Qb6 8. Na4
Qa5+ 9. c3 cxd4 10. b4 Nxb4 11. cxb4 Bxb4+ 12. Bd2 Bxd2+ 13. Nxd2 b6 14. Bd3 Ba6
15. Bxa6 Qxa6 16. Nf3 Nc5 17. Nb2 Qa3 18. Rb1 Qe3+ 19. Qe2 Qxf4 20. Qb5+ Ke7 21.
O-O Qe3+ 22. Kh1 Ne4 23. Qb4+ Kd7 24. Nd1 Qh6 25. Kg1 Rhc8 26. Nxd4 Ke8 27. Nb5
Rc5 28. Nf2 Qe3 29. Rbe1 Qd2 30. Rxe4 Qxa2 31. Nd6+ Kf8 32. Rf4 Kg8 33. Rxf7 Qe2
34. Qf4 Rc2 35. Re7 Rf8 36. Qxf8+ 1-0

[Event "Mondiale Semilampo FIDE 2024"]
[Site "New York"]
[Date "28.12.2024"]
[Round "11.88"]
[White "Esquivel Golcher, Luis Enrique"]
[Black "Wong, Hayoung"]
[Result "0-1"]
[WhiteTitle "FM"]
[WhiteElo "2081"]
[BlackElo "1704"]
[WhiteFideId "6600174"]
[BlackFideId "13205145"]
[EventDate "26.12.2024"]

1. e4 e5 2. Nf3 Nc6 3. Bc4 Bc5 4. b4 Bxb4 5. c3 Ba5 6. d4 exd4 7. O-O d6 8. cxd4
Bb6 9. Qb3 Qd7 10. Bd2 Nxd4 11. Nxd4 Bxd4 12. Nc3 Nf6 13. Rad1 Bb6 14. e5 Ng4
15. exd6 O-O 16. Bf4 Qf5 17. Nd5 Kh8 18. Qg3 c6 19. Ne7 Qc5 20. Bb3 Bd7 21. h3
Nf6 22. Bg5 Ne4 23. Qh4 Nxg5 24. Kh1 Bd8 25. f4 Ne4 26. f5 Nf6 27. g4 Bxe7 28.
dxe7 Qxe7 29. Rde1 Qb4 30. Rb1 Qe4+ 31. Kg1 Qe3+ 32. Rf2 Ne4 33. Rf1 Nxf2 34.
Rxf2 Qe1+ 35. Kh2 Qe5+ 36. Kg1 Rae8 37. f6 Qe1+ 38. Kh2 Qe5+ 39. Kg1 gxf6 40.
Bc2 f5 41. Qh6 Qg7 42. Qh4 Re1+ 43. Kg2 fxg4 44. Rf6 gxh3+ 45. Kf2 Qg1+ 46. Kf3
Qe3# 0-1

[Event "Mondiale Semilampo FIDE 2024"]
[Site "New York"]
[Date "28.12.2024"]
[Round "12.4"]
[White "Esipenko, Andrey"]
[Black "Firouzja, Alireza"]
[Result "0-1"]
[WhiteTitle "GM"]
[BlackTitle "GM"]
[WhiteElo "2682"]
[BlackElo "2763"]
[WhiteFideId "24175439"]
[BlackFideId "12573981"]
[EventDate "26.12.2024"]

1. e4 c5 2. Nf3 d6 3. Bb5+ Nd7 4. O-O a6 5. Be2 Ngf6 6. d3 e6 7. a4 b6 8. Nfd2
Bb7 9. f4 Qc7 10. Bf3 Be7 11. Nc3 h5 12. Nc4 d5 13. exd5 exd5 14. Ne3 d4 15.
Ncd5 Nxd5 16. Nxd5 Bxd5 17. Bxd5 Rb8 18. Qf3 Nf6 19. Bc6+ Kf8 20. Bd2 Bd6 21. c3
dxc3 22. Bxc3 Rh6 23. Rae1 Kg8 24. Be4 h4 25. Bf5 b5 26. axb5 axb5 27. Re2 b4
28. Be5 Rd8 29. Rfe1 Nd7 30. d4 cxd4 31. Rc2 Qa7 32. Qf2 Bxe5 33. fxe5 Nf8 34.
Rc4 Ne6 35. Rxb4 Qc5 36. Rb3 Nf8 37. Rf3 Qe7 38. Bd3 Rc6 39. Rf4 Ne6 40. Rxh4 g6
41. Qg3 Kg7 42. Rg4 Nc5 43. h4 Qe6 44. Rf4 Nxd3 45. Qxd3 Qc4 46. Qg3 Qd5 47.
Ref1 Rd7 48. Qg5 d3 49. h5 d2 50. Rd1 Re6 51. Rf2 Rxe5 52. Qf6+ Kg8 53. Rfxd2
Qc5+ 54. Qf2 Rxd2 55. Rxd2 Re1+ 56. Kh2 Qxh5+ 57. Kg3 Qe5+ 58. Kf3 g5 59. Rd4
Kg7 60. g4 Rh1 61. Re4 Rh3+ 62. Kg2 Qh2+ 0-1

[Event "Mondiale Semilampo FIDE 2024"]
[Site "New York"]
[Date "28.12.2024"]
[Round "12.6"]
[White "Grigoryan, Karen H."]
[Black "Mamedyarov, Shakhriyar"]
[Result "1-0"]
[WhiteTitle "GM"]
[BlackTitle "GM"]
[WhiteElo "2618"]
[BlackElo "2738"]
[WhiteFideId "13301004"]
[BlackFideId "13401319"]
[EventDate "26.12.2024"]

1. Nf3 d5 2. e3 Nf6 3. c4 dxc4 4. Bxc4 e6 5. b3 a6 6. Bb2 c5 7. O-O Be7 8. d4
Nbd7 9. a4 O-O 10. Nbd2 b6 11. Qe2 Bb7 12. Rfd1 Qb8 13. e4 cxd4 14. Bxd4 Bc5 15.
Bxc5 Nxc5 16. e5 Nd5 17. Rac1 Rd8 18. Nf1 Nf4 19. Qe3 Ng6 20. Rxd8+ Qxd8 21. Nd4
Rc8 22. f4 Nh4 23. Rd1 Nxg2 24. Qg3 Qh4 25. f5 Qh5 26. fxe6 Qxd1 27. exf7+ Kf8
28. Nf5 g6 29. Qg5 gxf5 30. Qh6+ Ke7 31. Qf6+ Kd7 32. e6+ Kc7 33. e7 Nd7 34. Qc3
Kb8 35. e8=Q Nf4 36. Qce3 Qg4+ 37. Qg3 Ka7 38. Qxg4 fxg4 39. Ne3 Nf8 40. Nxg4 1-0

[Event "Mondiale Semilampo FIDE 2024"]
[Site "New York"]
[Date "28.12.2024"]
[Round "12.7"]
[White "Yu, Yangyi"]
[Black "Giri, Anish"]
[Result "1/2-1/2"]
[WhiteTitle "GM"]
[BlackTitle "GM"]
[WhiteElo "2724"]
[BlackElo "2733"]
[WhiteFideId "8603820"]
[BlackFideId "24116068"]
[EventDate "26.12.2024"]

1. c4 c6 2. e4 d5 3. exd5 cxd5 4. d4 Nf6 5. Nc3 Nc6 6. Nf3 a6 7. c5 Bg4 8. Be2
g6 9. Be3 Bg7 10. h3 Bxf3 11. Bxf3 e6 12. O-O Ng8 13. Na4 Nge7 14. g4 O-O 15.
Bg2 1/2-1/2

[Event "Mondiale Semilampo FIDE 2024"]
[Site "New York"]
[Date "28.12.2024"]
[Round "12.8"]
[White "Sevian, Samuel"]
[Black "Bortnyk, Olexandr"]
[Result "1-0"]
[WhiteTitle "GM"]
[BlackTitle "GM"]
[WhiteElo "2696"]
[BlackElo "2603"]
[WhiteFideId "2040506"]
[BlackFideId "14120828"]
[EventDate "26.12.2024"]

1. e4 d6 2. d4 Nf6 3. Nc3 e5 4. Nf3 Nbd7 5. Bc4 Be7 6. a4 O-O 7. O-O a5 8. Re1
b6 9. b3 Bb7 10. Bb2 c6 11. Bd3 Re8 12. Ne2 d5 13. Nxe5 Nxe4 14. Bxe4 dxe4 15.
Ng3 Nf6 16. Nxe4 Nxe4 17. Rxe4 c5 18. Re1 Qd5 19. Qf3 Qxf3 20. Nxf3 Bf6 21. Ne5
Bxe5 22. dxe5 Rad8 23. Rad1 Be4 24. Rc1 Bf5 25. Bc3 Rd5 26. f3 h5 27. Kf2 Kf8
28. h3 Ke7 29. g4 hxg4 30. hxg4 Be6 31. Rh1 Rc8 32. Ke3 c4 33. b4 axb4 34. Bxb4+
Kd7 35. Bc3 Ra8 36. Ra1 Kc6 37. Rhb1 Ra6 38. Rb4 Rda5 39. Bd4 Kb7 40. Kf4 Kc7
41. c3 b5 42. axb5 Rxa1 43. bxa6 Rxa6 44. Kg5 Bd5 45. f4 Rg6+ 46. Kh4 Rc6 47. f5
g6 48. Kg5 gxf5 49. gxf5 Kd7 50. Rb5 Be4 51. Rb7+ Ke8 52. Ra7 Bd5 53. Ra5 Be4
54. Ra8+ Ke7 55. Ra7+ Ke8 56. Be3 Bd5 57. Bc1 Rb6 58. Ba3 Rb5 59. Kf6 Rb1 60.
Re7+ Kd8 61. Bb4 Rf1 62. Ba5+ Kc8 63. Bb6 Rf3 64. Bd4 Kd8 65. Bb6+ Kc8 66. Ba5
Rf1 67. Kg5 Rg1+ 68. Kh6 Rf1 69. Rc7+ Kb8 70. Rc5 Be4 71. f6 Rg1 72. Rxc4 Rg6+
73. Kh7 Bc2 74. Kh8 Bf5 75. Rc6 Bd7 76. Rd6 Ba4 77. Bd8 Kc8 78. e6 Be8 79. Be7
Kc7 80. Rd8 Rh6+ 81. Kg7 Rg6+ 82. Kf8 Ba4 83. Kxf7 Rg4 84. Rd4 Rxd4 85. cxd4 Bb3 1-0

[Event "Mondiale Semilampo FIDE 2024"]
[Site "New York"]
[Date "28.12.2024"]
[Round "12.9"]
[White "Caruana, Fabiano"]
[Black "Lazavik, Denis"]
[Result "1-0"]
[WhiteTitle "GM"]
[BlackTitle "GM"]
[WhiteElo "2805"]
[BlackElo "2578"]
[WhiteFideId "2020009"]
[BlackFideId "13515110"]
[EventDate "26.12.2024"]

1. e4 e5 2. Nf3 Nc6 3. Bc4 Nf6 4. d3 Be7 5. Nc3 O-O 6. a3 d6 7. Be3 Be6 8. Nd5
Qd7 9. h3 Bd8 10. Bb3 Bxd5 11. exd5 Ne7 12. c4 Nf5 13. Bd2 e4 14. dxe4 Nxe4 15.
Bf4 Bf6 16. Rb1 Nc5 17. Bc2 Qe7+ 18. Kf1 Nh4 19. Nxh4 Bxh4 20. g3 Bg5 21. Qh5 h6
22. Re1 Qf6 23. Bxg5 Qxg5 24. Qxg5 hxg5 25. b4 Nd7 26. Re7 Ne5 27. c5 Rfe8 28.
Rxc7 dxc5 29. Kg2 cxb4 30. axb4 Rac8 31. d6 Rxc7 32. dxc7 Rc8 33. Rd1 Nc6 34. b5
Rxc7 35. bxc6 g6 36. Rd7 Rxc6 37. Bb3 Rf6 38. Rxb7 a6 39. Ra7 1-0

[Event "Mondiale Semilampo FIDE 2024"]
[Site "New York"]
[Date "28.12.2024"]
[Round "12.10"]
[White "Niemann, Hans Moke"]
[Black "Aronian, Levon"]
[Result "1/2-1/2"]
[WhiteTitle "GM"]
[BlackTitle "GM"]
[WhiteElo "2734"]
[BlackElo "2747"]
[WhiteFideId "2093596"]
[BlackFideId "13300474"]
[EventDate "26.12.2024"]

1. e4 e5 2. Nf3 Nc6 3. Bc4 Nf6 4. d3 Be7 5. O-O O-O 6. Re1 d6 7. a3 Be6 8. Nc3
Bxc4 9. dxc4 Nb8 10. b4 Nbd7 11. h3 c6 12. Qd3 Re8 13. Be3 Qc7 14. Nh4 g6 15.
Nf3 Nf8 16. g3 Ne6 17. Ng5 Qc8 18. Kg2 Nxg5 19. Bxg5 Qe6 20. Rad1 Rad8 21. Be3
Nd7 22. a4 Nb6 23. Bxb6 axb6 24. Rb1 Rd7 25. Red1 Ra8 26. Rb3 f5 27. Rbb1 fxe4
28. Qxe4 Rad8 29. Qe2 d5 30. cxd5 cxd5 31. Nb5 d4 32. Qe4 Qc6 33. Qxc6 bxc6 34.
Na3 e4 35. Nc4 b5 36. Nb6 Ra7 37. a5 d3 38. cxd3 exd3 39. Rd2 Bf8 40. Rb3 Rd4
41. Rbxd3 Rxd3 42. Rxd3 Bxb4 43. Rd8+ Kg7 44. Nc8 Rxa5 45. Rd7+ Kg8 46. Na7 Bc5
47. Nxc6 Ra2 48. Kf3 Rxf2+ 49. Ke4 Re2+ 50. Kf3 Re3+ 51. Kf4 Re6 52. Rd8+ Kf7
53. Ne5+ Kg7 54. Rd7+ Kf8 55. Nd3 Be3+ 56. Kf3 Bb6 57. Nf4 Rf6 58. Kg4 Rf7 59.
Rd5 Rf5 60. Rxf5+ gxf5+ 61. Kxf5 b4 62. Ke4 b3 63. Kd3 Ba5 64. Ne6+ Kf7 65. Nc5
b2 66. Kc2 Bc3 67. Na4 Be5 68. Nxb2 Bxg3 1/2-1/2

[Event "Mondiale Semilampo FIDE 2024"]
[Site "New York"]
[Date "28.12.2024"]
[Round "12.12"]
[White "Abdusattorov, Nodirbek"]
[Black "Shankland, Sam"]
[Result "1-0"]
[WhiteTitle "GM"]
[BlackTitle "GM"]
[WhiteElo "2777"]
[BlackElo "2672"]
[WhiteFideId "14204118"]
[BlackFideId "2004887"]
[EventDate "26.12.2024"]

1. e4 c5 2. Nf3 d6 3. Bb5+ Nd7 4. c4 Nf6 5. Nc3 g6 6. O-O Bg7 7. d3 O-O 8. Ba4
b6 9. h3 Bb7 10. Re1 Ne5 11. Nxe5 dxe5 12. a3 Nh5 13. Rb1 e6 14. b4 Nf4 15. Bc2
cxb4 16. axb4 f5 17. Rb3 Qg5 18. Qf3 Rad8 19. Ne2 Qe7 20. Nxf4 exf4 21. Bxf4 e5
22. Be3 fxe4 23. Qg3 exd3 24. Bxd3 e4 25. Bf1 Be5 26. Qg5 Qxg5 27. Bxg5 Bd4 28.
Re2 Bf6 29. Bh6 Rf7 30. Ra2 Bc8 31. Rb1 g5 32. c5 Be6 33. Re2 Rd4 34. h4 gxh4
35. Be3 bxc5 36. bxc5 Rd8 37. Rc2 Rc7 38. c6 Rdc8 39. Ba6 Rf8 40. Bf4 Rcf7 41.
c7 Bd4 42. Be3 Bxe3 43. fxe3 Bc8 44. Bc4 1-0

[Event "Mondiale Semilampo FIDE 2024"]
[Site "New York"]
[Date "28.12.2024"]
[Round "12.13"]
[White "Le, Quang Liem"]
[Black "Martirosyan, Haik M."]
[Result "1/2-1/2"]
[WhiteTitle "GM"]
[BlackTitle "GM"]
[WhiteElo "2739"]
[BlackElo "2656"]
[WhiteFideId "12401137"]
[BlackFideId "13306553"]
[EventDate "26.12.2024"]

1. d4 Nf6 2. Nf3 d5 3. e3 e6 4. Bd3 Be7 5. O-O b6 6. b3 Bb7 7. Bb2 Nbd7 8. c4
O-O 9. Nc3 c5 10. cxd5 Nxd5 11. Nxd5 Bxd5 12. Rc1 a5 13. Qe2 cxd4 14. Nxd4 Nc5
15. Bb5 Bf6 16. Rfd1 Qe7 17. Nf5 exf5 18. Rxd5 Bxb2 19. Qxb2 g6 20. Rcd1 Rad8
21. Bc4 Rxd5 22. Rxd5 Rd8 23. Qd4 Rxd5 24. Bxd5 Nd7 25. h3 Qf6 26. Kf1 Qxd4 27.
exd4 Nf6 28. Bf3 Kf8 29. Ke2 Ke7 30. Kd3 Kd6 31. a4 h6 32. g3 Ne8 33. Kc3 Nf6
34. Kd3 Ne8 35. Bb7 Nf6 36. Ba6 Ne4 37. Ke3 Ke7 38. Bc4 Nd6 39. Bd5 f6 40. Kd3
g5 41. Bf3 Ke6 42. Ke3 Ke7 43. Be2 Ke6 44. Bc4+ Ke7 45. Be2 Ke6 46. f4 Ke7 47.
Bf3 Ke6 48. Bc6 Ke7 49. Bd5 Kd7 50. Kd3 Ke7 51. Ke3 Kd7 52. Kd3 1/2-1/2

[Event "Mondiale Semilampo FIDE 2024"]
[Site "New York"]
[Date "28.12.2024"]
[Round "12.14"]
[White "Sindarov, Javokhir"]
[Black "Volokitin, Andrei"]
[Result "1-0"]
[WhiteTitle "GM"]
[BlackTitle "GM"]
[WhiteElo "2682"]
[BlackElo "2649"]
[WhiteFideId "14205483"]
[BlackFideId "14107090"]
[EventDate "26.12.2024"]

1. e4 c5 2. Nf3 d6 3. d4 cxd4 4. Nxd4 Nf6 5. Bd3 Nc6 6. Be3 g6 7. h3 Bg7 8. c4
O-O 9. Nc3 d5 10. cxd5 Nxd5 11. exd5 Nxd4 12. Bxg6 Qb6 13. Bb1 Qxb2 14. Bxd4
Bxd4 15. Qxd4 Qxa1 16. O-O Qb2 17. Re1 f6 18. Rxe7 Rf7 19. Re8+ Kg7 20. Qe3 Bf5
21. Qg3+ Kh6 22. Rxa8 1-0

[Event "Mondiale Semilampo FIDE 2024"]
[Site "New York"]
[Date "28.12.2024"]
[Round "12.15"]
[White "Van Foreest, Jorden"]
[Black "Theodorou, Nikolas"]
[Result "1/2-1/2"]
[WhiteTitle "GM"]
[BlackTitle "GM"]
[WhiteElo "2677"]
[BlackElo "2600"]
[WhiteFideId "1039784"]
[BlackFideId "4262875"]
[EventDate "26.12.2024"]

1. e4 c5 2. Nf3 Nc6 3. d4 cxd4 4. Nxd4 e5 5. Nb5 d6 6. N1c3 a6 7. Na3 Be6 8. Nc4
b5 9. Ne3 Nf6 10. Bd3 g6 11. a4 b4 12. Ncd5 Bg7 13. Bd2 a5 14. Bb5 Rc8 15. Nxf6+
Bxf6 16. O-O O-O 17. c3 bxc3 18. bxc3 Bg5 19. Qe2 Nb8 20. Rab1 Nd7 21. Nd5 Bxd5
22. exd5 Bxd2 23. Qxd2 Nc5 24. Bc6 g5 25. Rb5 Nxa4 26. Rxa5 Qxa5 27. Qxg5+ Kh8
28. Qf6+ 1/2-1/2

[Event "Mondiale Semilampo FIDE 2024"]
[Site "New York"]
[Date "28.12.2024"]
[Round "12.16"]
[White "Bjerre, Jonas Buhl"]
[Black "Robson, Ray"]
[Result "0-1"]
[WhiteTitle "GM"]
[BlackTitle "GM"]
[WhiteElo "2642"]
[BlackElo "2700"]
[WhiteFideId "1444948"]
[BlackFideId "2023970"]
[EventDate "26.12.2024"]

1. e4 c5 2. Nf3 d6 3. Bc4 Nf6 4. d3 Nc6 5. c3 g6 6. O-O Bg7 7. Re1 O-O 8. a4 h6
9. h3 d5 10. exd5 Nxd5 11. a5 e6 12. a6 Qc7 13. Na3 bxa6 14. Nc2 a5 15. Ne3 Nb6
16. Bb5 Bb7 17. Qe2 Rad8 18. Nc4 a6 19. Bxc6 Bxc6 20. Nxb6 Bxf3 21. Qxf3 Qxb6
22. Qe4 Rd5 23. Qa4 Qb7 24. Qc4 Qb5 25. Qxb5 axb5 26. Rxa5 b4 27. c4 Rxd3 28.
Rxc5 Rb3 29. Rb5 Rc8 30. c5 Bxb2 31. Bxb2 Rxb2 32. Rc1 b3 33. c6 Rc7 34. g3 Kg7
35. Kg2 Kf6 36. Rb4 Ke7 37. h4 Rc2 38. Rxc2 bxc2 39. Rc4 Kd6 40. Rxc2 Rxc6 41.
Rd2+ Ke7 42. Ra2 Rc7 43. Ra5 Kf6 44. Ra4 Rd7 45. Rf4+ Ke7 46. Ra4 Rc7 47. Ra8
Kf6 48. Ra5 Rd7 49. Ra4 e5 50. Ra3 Kf5 51. Rf3+ Ke6 52. Ra3 e4 53. f3 Rd2+ 54.
Kf1 Rd3 55. Ra6+ Rd6 56. Ra3 Rd3 57. Ra6+ Ke5 58. Ra5+ Kf6 59. fxe4 Rxg3 60. h5
g5 61. e5+ Kg7 62. Kf2 Rh3 63. Ra7 Kf8 64. Ra8+ Ke7 65. Ra7+ Ke6 66. Ra6+ Kxe5
67. Rxh6 Kf5 68. Kg2 Rh4 69. Kg3 f6 70. Rh8 Rh1 71. Kg2 Rh4 72. Kg3 Rg4+ 73. Kf3
Ra4 74. Kg3 Ra3+ 75. Kg2 Kg4 76. Rf8 Rg3+ 77. Kf2 Rf3+ 78. Kg2 f5 79. h6 Rg3+
80. Kf2 Rh3 81. Rf6 f4 82. Kg2 f3+ 83. Kf2 Rh2+ 84. Kg1 Rg2+ 85. Kh1 Rg3 86. Kh2
Rh3+ 87. Kg1 Kg3 88. Rf5 g4 89. Rf6 f2+ 90. Rxf2 Rh1+ 91. Kxh1 Kxf2 92. h7 g3
93. h8=Q g2+ 94. Kh2 g1=Q+ 95. Kh3 Qg3# 0-1

[Event "Mondiale Semilampo FIDE 2024"]
[Site "New York"]
[Date "28.12.2024"]
[Round "12.17"]
[White "Jacobson, Brandon"]
[Black "Cheparinov, Ivan"]
[Result "1-0"]
[WhiteTitle "GM"]
[BlackTitle "GM"]
[WhiteElo "2583"]
[BlackElo "2646"]
[WhiteFideId "30901561"]
[BlackFideId "2905540"]
[EventDate "26.12.2024"]

1. e4 e5 2. Nf3 Nc6 3. Bc4 Nf6 4. d3 Bc5 5. c3 d6 6. O-O O-O 7. Re1 a5 8. h3 Ba7
9. Na3 h6 10. Nb5 Bb6 11. Be3 Bxe3 12. Rxe3 Re8 13. Qc2 Ne7 14. Qb3 Rf8 15. d4
Ng6 16. Rd1 Bd7 17. dxe5 dxe5 18. Qa3 b6 19. Bf1 Qc8 20. c4 c6 21. Nd6 Qc7 22.
Qc3 Nd5 23. exd5 Qxd6 24. Nxe5 c5 25. Nxd7 Qxd7 26. d6 Rfe8 27. Be2 Nf4 28. Bg4
f5 29. Bf3 Rad8 30. Qb3 1-0